[Event "TCh-FRA Top 12 2015"]
[Site "Montpellier FRA"]
[Date "2015.06.03"]
[Round "5.2"]
[Board "4"]
[White "Svetushkin, Dmitry"]
[Black "Battaglini, Gabriel"]
[Result "1-0"]
[WhiteTitle "GM"]
[BlackTitle "IM"]
[WhiteElo "2591"]
[BlackElo "2451"]
[WhiteTeam "METZ FISCHER"]
[BlackTeam "EVRY GRAND ROQUE"]
[WhiteFideId "13900463"]
[BlackFideId "621650"]
[EventDate "2015.05.30"]

1. e4 e6 2. d4 d5 3. Nc3 Nf6 4. e5 Nfd7 5. f4 c5 6. Nf3 Nc6 7. Be3 a6 8. Qd2 b5
9. dxc5 Bxc5 10. Bd3 O-O 11. Ne2 Bxe3 12. Qxe3 Qb6 13. Ned4 Nc5 14. O-O Nxd3 15.
cxd3 Bd7 16. Rfc1 b4 17. Kf2 Nxd4 18. Qxd4 Qxd4+ 19. Nxd4 f6 20. Ke3 fxe5 21.
fxe5 Rfc8 22. Rxc8+ Rxc8 23. a3 b3 24. Rf1 a5 25. Nxb3 Rb8 26. Nc5 d4+ 27. Kxd4
Bc6 28. Rf2 Bd5 29. Kc3 h5 30. g3 Rb5 31. d4 Rb8 32. b3 Kh7 33. b4 axb4+ 34.
axb4 Ra8 35. b5 Ra1 36. b6 Rc1+ 37. Rc2 Rb1 38. Rb2 Rc1+ 39. Kd2 Rh1 40. h4 Rh2+
41. Kc3 Rh3 42. Nxe6 Rxg3+ 43. Kb4 Rd3 44. Kc5 Bb7 45. Nd8 1-0

[Event "TCh-FRA Top 12 2015"]
[Site "Montpellier FRA"]
[Date "2015.06.03"]
[Round "5.2"]
[Board "5"]
[White "Milliet, Sophie"]
[Black "Koch, Jean-Rene"]
[Result "1/2-1/2"]
[WhiteTitle "IM"]
[BlackTitle "IM"]
[WhiteElo "2369"]
[BlackElo "2452"]
[WhiteTeam "EVRY GRAND ROQUE"]
[BlackTeam "METZ FISCHER"]
[WhiteFideId "623725"]
[BlackFideId "600148"]
[EventDate "2015.05.30"]

1. e4 e5 2. Nf3 Nf6 3. Nxe5 d6 4. Nf3 Nxe4 5. Nc3 Nxc3 6. dxc3 Nc6 7. Be3 Be7 8.
Qd2 Be6 9. O-O-O Qd7 10. h4 h6 11. b3 a6 12. Kb1 O-O-O 13. Nd4 Bf6 14. Nxe6 Qxe6
15. g3 Qe5 16. Bd4 Nxd4 17. cxd4 Qe4 18. Bh3+ Kb8 19. Rhe1 Qc6 20. f4 1/2-1/2

[Event "TCh-FRA Top 12 2015"]
[Site "Montpellier FRA"]
[Date "2015.06.03"]
[Round "5.2"]
[Board "6"]
[White "Terrieux, Kevin"]
[Black "Relange, Eloi"]
[Result "1/2-1/2"]
[WhiteTitle "IM"]
[BlackTitle "GM"]
[WhiteElo "2439"]
[BlackElo "2468"]
[WhiteTeam "METZ FISCHER"]
[BlackTeam "EVRY GRAND ROQUE"]
[WhiteFideId "622591"]
[BlackFideId "600822"]
[EventDate "2015.05.30"]

1. d4 Nf6 2. c4 g6 3. Nc3 Bg7 4. e4 d6 5. Nge2 O-O 6. Ng3 e5 7. d5 a5 8. h4 h5
9. Bg5 Na6 10. Be2 Qe8 11. Qd2 Nc5 12. Bh6 Bxh6 13. Qxh6 Ng4 1/2-1/2

[Event "TCh-FRA Top 12 2015"]
[Site "Montpellier FRA"]
[Date "2015.06.03"]
[Round "5.2"]
[Board "7"]
[White "Leroy, Didier"]
[Black "Belkhodja, Slim"]
[Result "1/2-1/2"]
[WhiteTitle "IM"]
[BlackTitle "GM"]
[WhiteElo "2277"]
[BlackElo "2417"]
[WhiteTeam "EVRY GRAND ROQUE"]
[BlackTeam "METZ FISCHER"]
[WhiteFideId "610950"]
[BlackFideId "600229"]
[EventDate "2015.05.30"]

1. d4 Nf6 2. c4 g6 3. Nc3 Bg7 4. e4 O-O 5. Bd3 Nc6 6. Nge2 d6 7. O-O a5 8. d5
Ne5 9. f3 c6 10. Be3 e6 11. Nf4 Nxd3 12. Qxd3 e5 13. Nfe2 c5 14. Ng3 Bd7 15. a3
a4 16. b4 axb3 17. Rfb1 Nh5 18. Nxh5 gxh5 19. Rxb3 Bc8 20. Qd2 Qf6 21. Rb6 Qd8
22. Rb3 Qf6 23. Rb6 Qd8 24. Rb3 1/2-1/2

[Event "TCh-FRA Top 12 2015"]
[Site "Montpellier FRA"]
[Date "2015.06.03"]
[Round "5.2"]
[Board "8"]
[White "Benmesbah, Natacha"]
[Black "Bergez, Luc"]
[Result "0-1"]
[WhiteTitle "WIM"]
[BlackTitle "IM"]
[WhiteElo "2199"]
[BlackElo "2327"]
[WhiteTeam "METZ FISCHER"]
[BlackTeam "EVRY GRAND ROQUE"]
[WhiteFideId "642002"]
[BlackFideId "606600"]
[EventDate "2015.05.30"]

1. e4 e5 2. Nf3 Nc6 3. Bc4 Nf6 4. d3 Be7 5. O-O O-O 6. Re1 d6 7. c3 Kh8 8. Bb3
Ng8 9. d4 Bg4 10. d5 Nb8 11. h3 Bc8 12. Nh2 Bg5 13. Nd2 a5 14. Ndf1 Na6 15. Ng3
b5 16. a4 b4 17. Bc4 bxc3 18. bxc3 Bxc1 19. Qxc1 Nc5 20. Nf3 Bd7 21. Qd1 Qe8 22.
Bb3 Ne7 23. Bc2 Nc8 24. Nd2 Nb6 25. Ra3 Bxa4 26. Bxa4 Nbxa4 27. Qa1 Rb8 28. Nf5
Qb5 29. Ne3 Qd3 30. Nec4 Nb2 31. Re3 Qxc4 32. Nxc4 Nxc4 33. Rg3 Nxa3 34. Qxa3 a4
35. Qc1 Nxe4 36. Rg4 f5 37. Rh4 Ra8 38. f3 a3 39. fxe4 a2 0-1

[Event "TCh-FRA Top 12 2015"]
[Site "Montpellier FRA"]
[Date "2015.06.03"]
[Round "5.3"]
[Board "1"]
[White "Matlakov, Maxim"]
[Black "Donchenko, Alexander"]
[Result "0-1"]
[WhiteTitle "GM"]
[BlackTitle "IM"]
[WhiteElo "2694"]
[BlackElo "2570"]
[WhiteTeam "CLICHY-ECHECS-92"]
[BlackTeam "VANDOEUVRE-ECHECS"]
[WhiteFideId "4168003"]
[BlackFideId "24603295"]
[EventDate "2015.05.30"]

1. Nf3 Nf6 2. g3 b5 3. d3 Bb7 4. e4 d6 5. Bg2 e6 6. O-O Be7 7. Ng5 d5 8. Re1 h6
9. Nh3 dxe4 10. Nd2 Nbd7 11. dxe4 e5 12. Qe2 a6 13. a4 Bc6 14. Nb3 Nc5 15. Na5
Bd7 16. axb5 axb5 17. f4 Bd6 18. b4 Na4 19. Nb7 Qc8 20. Nxd6+ cxd6 21. fxe5 dxe5
22. Be3 Bxh3 23. Bxh3 Qxh3 24. Qxb5+ Qd7 25. Rxa4 Qxb5 26. Rxa8+ Ke7 27. Rxh8
Qxb4 28. Ra1 Qxe4 29. Bc5+ Ke6 30. Rha8 Kf5 31. R8a6 Qxc2 32. Rf1+ Kg4 0-1

[Event "TCh-FRA Top 12 2015"]
[Site "Montpellier FRA"]
[Date "2015.06.03"]
[Round "5.3"]
[Board "2"]
[White "Bailet, Pierre"]
[Black "Jakovenko, Dmitry"]
[Result "0-1"]
[WhiteTitle "IM"]
[BlackTitle "GM"]
[WhiteElo "2519"]
[BlackElo "2738"]
[WhiteTeam "VANDOEUVRE-ECHECS"]
[BlackTeam "CLICHY-ECHECS-92"]
[WhiteFideId "655830"]
[BlackFideId "4122356"]
[EventDate "2015.05.30"]

1. d4 Nf6 2. c4 e6 3. Nf3 b6 4. g3 Ba6 5. b3 d5 6. Bg2 Bb4+ 7. Bd2 Be7 8. O-O
O-O 9. Ne5 Bb7 10. Nc3 Na6 11. Bg5 h6 12. Bxf6 Bxf6 13. cxd5 exd5 14. f4 c6 15.
Rc1 Be7 16. e3 Rc8 17. Qd2 Ba3 18. Rcd1 Nc7 19. Bh3 Ne6 20. Bxe6 fxe6 21. Qe2
Rc7 22. Nb1 Bd6 23. Nd2 c5 24. Rc1 Qc8 25. Qg4 Ba6 26. Rfe1 cxd4 27. Rxc7 Bxc7
28. Ng6 Re8 29. exd4 Bd6 30. Nf3 Bd3 31. Nge5 Be4 32. Kf2 Re7 33. Re2 Qc3 34.
Ng6 Re8 35. Nge5 Bxe5 36. dxe5 Bd3 37. Rd2 Qc5+ 38. Kg2 Qe3 39. Rf2 Bf5 40. Qh5
Rc8 41. Nh4 Be4+ 42. Nf3 d4 0-1

[Event "TCh-FRA Top 12 2015"]
[Site "Montpellier FRA"]
[Date "2015.06.03"]
[Round "5.3"]
[Board "3"]
[White "Fressinet, Laurent"]
[Black "Hamitevici, Vladimir"]
[Result "1/2-1/2"]
[WhiteTitle "GM"]
[BlackTitle "IM"]
[WhiteElo "2712"]
[BlackElo "2429"]
[WhiteTeam "CLICHY-ECHECS-92"]
[BlackTeam "VANDOEUVRE-ECHECS"]
[WhiteFideId "608742"]
[BlackFideId "13902393"]
[EventDate "2015.05.30"]

1. d4 Nf6 2. Nf3 b6 3. c4 Bb7 4. Nc3 e6 5. a3 g6 6. d5 Bg7 7. e4 O-O 8. Be2 exd5
9. exd5 c6 10. O-O cxd5 11. cxd5 Na6 12. Bf4 Nc5 13. Rc1 Re8 14. Bc4 Nfe4 15.
Nxe4 Nxe4 16. Rc2 Rc8 17. Qc1 Qf6 18. Re1 b5 19. Bd3 Rxc2 20. Bxc2 Bxd5 21. Bxe4
Rxe4 22. Rxe4 Bxe4 23. Qc8+ Bf8 24. Bh6 Qd6 25. Nd4 Qc5 26. Qxf8+ Qxf8 27. Bxf8
Kxf8 28. Nxb5 a6 29. Nc3 Bc6 30. f4 h5 31. g3 Ke7 32. Kf2 Ke6 33. b4 f6 34. a4
g5 35. Ke3 Kf5 36. b5 axb5 37. axb5 Bb7 38. b6 h4 39. Ne2 Kg4 40. gxh4 Kxh4 41.
Ng3 Kg4 42. fxg5 fxg5 43. Ne4 Ba8 44. Nf2+ Kf5 45. Nd3 d6 46. Kf2 Ke4 47. Ne1
Kd5 48. Nf3 g4 49. Nd2 Kc5 50. Kg3 Kxb6 51. Kxg4 Bd5 52. h4 Bf7 53. Kg5 1/2-1/2

[Event "TCh-FRA Top 12 2015"]
[Site "Montpellier FRA"]
[Date "2015.06.03"]
[Round "5.3"]
[Board "4"]
[White "Savina, Anastasia"]
[Black "So, Wesley"]
[Result "0-1"]
[WhiteTitle "IM"]
[BlackTitle "GM"]
[WhiteElo "2417"]
[BlackElo "2778"]
[WhiteTeam "VANDOEUVRE-ECHECS"]
[BlackTeam "CLICHY-ECHECS-92"]
[WhiteFideId "4196872"]
[BlackFideId "5202213"]
[EventDate "2015.05.30"]

1. d4 Nf6 2. c4 g6 3. Nc3 d5 4. cxd5 Nxd5 5. Bd2 Nb6 6. e3 Bg7 7. f4 c5 8. dxc5
N6d7 9. Na4 e5 10. Nf3 exf4 11. exf4 O-O 12. Be2 Qe7 13. O-O Nxc5 14. Nxc5 Qxc5+
15. Kh1 Nc6 16. Rc1 Qb6 17. Bc4 Bxb2 18. Ng5 Bf5 19. Rc3 Bxc3 20. Bxc3 h6 21.
Qa1 Rad8 22. Nf3 Kh7 23. Qe1 Qc5 24. Bb3 f6 25. Bb2 Bg4 26. Nh4 Bf5 27. Nxf5
Qxf5 28. Qf2 Qa5 29. Qg3 Nd4 30. Ba3 Qb5 31. Rg1 Ne2 32. Qe1 Rfe8 33. Bf7 Nxg1
34. Bxe8 Qxe8 0-1

[Event "TCh-FRA Top 12 2015"]
[Site "Montpellier FRA"]
[Date "2015.06.03"]
[Round "5.3"]
[Board "5"]
[White "Lagarde, Maxime"]
[Black "Le Corre, Benjamin"]
[Result "1/2-1/2"]
[WhiteTitle "GM"]
[BlackTitle "FM"]
[WhiteElo "2565"]
[BlackElo "2307"]
[WhiteTeam "CLICHY-ECHECS-92"]
[BlackTeam "VANDOEUVRE-ECHECS"]
[WhiteFideId "662399"]
[BlackFideId "639605"]
[EventDate "2015.05.30"]

1. d4 Nf6 2. c4 g6 3. Nc3 Bg7 4. e4 d6 5. Nge2 O-O 6. Ng3 c6 7. Be2 a6 8. f4 e5
9. dxe5 dxe5 10. Qxd8 Rxd8 11. f5 b5 12. Be3 Bb7 13. O-O Nbd7 14. c5 a5 15. a3
Bf8 16. b4 axb4 17. axb4 Rxa1 18. Rxa1 Ra8 19. Rxa8 Bxa8 20. fxg6 hxg6 21. Nf1
Nb8 22. g4 Na6 23. g5 Nd7 24. Bg4 Ndxc5 25. bxc5 Nxc5 26. Nd2 Bb7 27. h4 Ba6 28.
Kg2 b4 29. Bxc5 Bxc5 30. Ncb1 Bd3 31. Bd1 Bd4 32. Ba4 c5 33. Bb3 Kg7 34. Kf3 f6
35. Bc4 Bc2 36. Ke2 f5 37. Bd3 b3 38. Bc4 fxe4 39. Na3 Bd3+ 40. Bxd3 exd3+ 41.
Kxd3 Bf2 42. Nf3 b2 43. Ke4 c4 44. Nb1 Bg3 45. Kd5 Kg8 46. Nc3 Kg7 47. Ke4 Kg8
48. Kd5 Kg7 49. Ke4 1/2-1/2

[Event "TCh-FRA Top 12 2015"]
[Site "Montpellier FRA"]
[Date "2015.06.03"]
[Round "5.3"]
[Board "6"]
[White "Philippe, Christophe"]
[Black "Hamdouchi, Hicham"]
[Result "1/2-1/2"]
[WhiteTitle "IM"]
[BlackTitle "GM"]
[WhiteElo "2375"]
[BlackElo "2608"]
[WhiteTeam "VANDOEUVRE-ECHECS"]
[BlackTeam "CLICHY-ECHECS-92"]
[WhiteFideId "610038"]
[BlackFideId "9000011"]
[EventDate "2015.05.30"]

1. e4 c5 2. Nf3 d6 3. d4 cxd4 4. Nxd4 Nf6 5. Nc3 a6 6. Bc4 e6 7. Bb3 Nbd7 8. Bg5
Nc5 9. O-O Be7 10. Bxf6 Bxf6 11. Kh1 O-O 12. f4 Bd7 13. f5 Kh8 14. Qd2 b5 15.
Rae1 Qb6 16. Nd1 Rae8 17. c3 Nxb3 18. axb3 Bxd4 19. cxd4 exf5 20. exf5 Rxe1 21.
Rxe1 Bxf5 22. Qf4 Bg6 23. Nc3 Qd8 24. h3 h6 25. b4 Kh7 26. Ra1 Re8 27. Rxa6 Re6
28. Kh2 Qc7 29. Ra5 Qc4 30. Rxb5 Rf6 31. Qe3 Qf1 32. Rb8 Rf2 33. Qg3 Rxb2 34. b5
Rc2 35. Nd5 Rc1 36. Qf4 Qg1+ 37. Kg3 Rc2 38. Ne3 Qe1+ 39. Kh2 Rf2 40. Qg3 Be4
41. Re8 Bxg2 42. Nxg2 Rxg2+ 43. Qxg2 Qxe8 44. b6 Qb5 1/2-1/2

[Event "TCh-FRA Top 12 2015"]
[Site "Montpellier FRA"]
[Date "2015.06.03"]
[Round "5.3"]
[Board "7"]
[White "Tregubov, Pavel V."]
[Black "Nezar, Mustapha"]
[Result "1-0"]
[WhiteTitle "GM"]
[BlackTitle "IM"]
[WhiteElo "2571"]
[BlackElo "2382"]
[WhiteTeam "CLICHY-ECHECS-92"]
[BlackTeam "VANDOEUVRE-ECHECS"]
[WhiteFideId "4115341"]
[BlackFideId "608637"]
[EventDate "2015.05.30"]

1. d4 Nf6 2. c4 e6 3. Nf3 Bb4+ 4. Bd2 Bxd2+ 5. Qxd2 O-O 6. Nc3 d5 7. e3 Qe7 8.
Rc1 dxc4 9. Bxc4 c5 10. O-O Rd8 11. Rfd1 cxd4 12. exd4 Nc6 13. a3 Bd7 14. h3
Rac8 15. Ba2 Be8 16. Qe3 Rc7 17. b4 b6 18. Qf4 Nb8 19. d5 exd5 20. Re1 Qd7 21.
Ne4 Rc6 22. Rxc6 Qxc6 23. Nd4 Nh5 24. Nxc6 Nxf4 25. Nxd8 Nd3 26. Nf6+ 1-0

[Event "TCh-FRA Top 12 2015"]
[Site "Montpellier FRA"]
[Date "2015.06.03"]
[Round "5.3"]
[Board "8"]
[White "Steil-Antoni, Fiona"]
[Black "Skripchenko, Almira"]
[Result "0-1"]
[WhiteTitle "WIM"]
[BlackTitle "IM"]
[WhiteElo "2094"]
[BlackElo "2421"]
[WhiteTeam "VANDOEUVRE-ECHECS"]
[BlackTeam "CLICHY-ECHECS-92"]
[WhiteFideId "4001249"]
[BlackFideId "13900145"]
[EventDate "2015.05.30"]

1. e4 g6 2. d4 c6 3. Nc3 d5 4. h3 Bg7 5. Nf3 Nh6 6. Bd3 dxe4 7. Nxe4 Nf5 8. c3
O-O 9. O-O Qc7 10. Re1 Nd7 11. g3 c5 12. g4 Nd6 13. Nxc5 Nxc5 14. dxc5 Ne8 15.
Qe2 e6 16. Be3 e5 17. Bd2 f6 18. b4 Be6 19. Bc4 Bxc4 20. Qxc4+ Kh8 21. Rad1 Nd6
22. Qe6 Nf7 23. Bc1 Rad8 24. Qb3 Rde8 25. Qd5 Re7 26. Qe4 Qc8 27. Rd5 f5 28.
gxf5 gxf5 29. Qh4 Qe6 30. Red1 Rg8 31. Kf1 Bf6 32. Qh5 Qa6+ 33. Ke1 e4 0-1

[Event "TCh-FRA Top 12 2015"]
[Site "Montpellier FRA"]
[Date "2015.06.03"]
[Round "5.4"]
[Board "1"]
[White "Sokolov, Ivan"]
[Black "Dorfman, Iossif"]
[Result "1/2-1/2"]
[WhiteTitle "GM"]
[BlackTitle "GM"]
[WhiteElo "2623"]
[BlackElo "2574"]
[WhiteTeam "L'ECHIQUIER CHALONNAIS"]
[BlackTeam "GRASSE ECHECS"]
[WhiteFideId "14400030"]
[BlackFideId "604011"]
[EventDate "2015.05.30"]

1. d4 Nf6 2. c4 g6 3. Nc3 d5 4. cxd5 Nxd5 5. e4 Nxc3 6. bxc3 Bg7 7. Qa4+ Qd7 8.
Qb3 O-O 9. Be3 b6 10. Rd1 Bb7 11. f3 Nc6 12. Bb5 Qc8 13. Ne2 Na5 14. Qb4 e6 15.
O-O Ba6 16. Nc1 1/2-1/2

[Event "TCh-FRA Top 12 2015"]
[Site "Montpellier FRA"]
[Date "2015.06.03"]
[Round "5.4"]
[Board "2"]
[White "Szabo, Krisztian1"]
[Black "Salgado Lopez, Ivan"]
[Result "1/2-1/2"]
[WhiteTitle "GM"]
[BlackTitle "GM"]
[WhiteElo "2518"]
[BlackElo "2616"]
[WhiteTeam "GRASSE ECHECS"]
[BlackTeam "L'ECHIQUIER CHALONNAIS"]
[WhiteFideId "722901"]
[BlackFideId "2257327"]
[EventDate "2015.05.30"]

1. e4 c5 2. Nf3 d6 3. d4 cxd4 4. Nxd4 Nf6 5. Nc3 a6 6. Be3 Ng4 7. Bc1 Nf6 8. f3
e5 9. Nb3 Be6 10. Be3 Be7 11. Qd2 O-O 12. O-O-O Nbd7 13. g4 b5 14. Rg1 Nb6 15.
Na5 Qc7 16. g5 Nh5 17. Nd5 Nxd5 18. exd5 Bf5 19. Nc6 f6 20. gxf6 Bxf6 21. Bd3
Bxd3 22. Qxd3 g6 23. c4 Bg7 24. Bg5 Nf4 25. Bxf4 Rxf4 26. cxb5 axb5 27. Kb1 Qb6
28. Rg3 b4 29. Rdg1 Re8 30. Re1 Qf2 31. Qe2 Qc5 32. Qd2 Bh6 33. Qg2 Kg7 34. Rg1
Rf6 35. Qc2 Qb6 36. Qd3 Bf4 37. R3g2 Bxh2 38. Re1 Bf4 39. Re4 b3 40. a4 Ra8 41.
a5 Qc5 42. Qxb3 Qc1+ 43. Ka2 Rf7 44. Qc2 Qf1 45. Qe2 Qh1 46. Qc2 Qf1 47. Qe2 Qh1
48. b4 Rb7 49. Rf2 h5 50. Rf1 Qh3 51. Rb1 h4 52. b5 Qd7 53. b6 h3 54. Ra4 1/2-1/2

[Event "TCh-FRA Top 12 2015"]
[Site "Montpellier FRA"]
[Date "2015.06.03"]
[Round "5.4"]
[Board "3"]
[White "Krasenkow, Michal"]
[Black "Michiels, Bart"]
[Result "1-0"]
[WhiteTitle "GM"]
[BlackTitle "GM"]
[WhiteElo "2610"]
[BlackElo "2536"]
[WhiteTeam "L'ECHIQUIER CHALONNAIS"]
[BlackTeam "GRASSE ECHECS"]
[WhiteFideId "1113100"]
[BlackFideId "202967"]
[EventDate "2015.05.30"]

1. d4 d5 2. c4 c6 3. Nc3 Nf6 4. e3 e6 5. Nf3 Nbd7 6. Qc2 b6 7. b3 Bb7 8. Bd3 Bd6
9. O-O O-O 10. Bb2 h6 11. Rad1 Qc7 12. e4 dxe4 13. Nxe4 Nxe4 14. Bxe4 Rad8 15.
Rfe1 Nf6 16. Bd3 Bb4 17. Re2 Be7 18. Qc1 c5 19. d5 exd5 20. Rde1 Ne4 21. cxd5 f5
22. Bxe4 fxe4 23. Rxe4 Bf6 24. Bxf6 Rxf6 25. Re7 Rd7 26. Qc4 Qd6 27. Rxd7 Qxd7
28. d6+ Kf8 29. Re7 b5 30. Qc2 Qg4 31. h3 1-0

[Event "TCh-FRA Top 12 2015"]
[Site "Montpellier FRA"]
[Date "2015.06.03"]
[Round "5.4"]
[Board "4"]
[White "Llanes Hurtado, Miguel"]
[Black "Cossin, Sebastien"]
[Result "0-1"]
[WhiteTitle "GM"]
[BlackTitle "IM"]
[WhiteElo "2444"]
[BlackElo "2516"]
[WhiteTeam "GRASSE ECHECS"]
[BlackTeam "L'ECHIQUIER CHALONNAIS"]
[WhiteFideId "2206706"]
[BlackFideId "618802"]
[EventDate "2015.05.30"]

1. c4 Nf6 2. Nc3 g6 3. g3 c5 4. Bg2 Bg7 5. e4 Nc6 6. Nge2 O-O 7. d3 d6 8. O-O
Rb8 9. h3 Ne8 10. Be3 Nc7 11. d4 b6 12. f4 Ba6 13. dxc5 bxc5 14. b3 Ne6 15. Qd2
Ned4 16. Rad1 Qa5 17. Bf2 Rfe8 18. Nxd4 Nxd4 19. Ne2 Qxd2 20. Rxd2 e5 21. Nc3
Bb7 22. fxe5 Bxe5 23. Rd3 Bc6 24. Kh2 a5 25. Rfd1 Re7 26. h4 Ra7 27. Bxd4 Bxd4
28. a4 Rxb3 29. Nb5 Rxd3 30. Rxd3 Bxb5 31. cxb5 Be5 32. Rd1 c4 33. Bf1 c3 34.
Bc4 Rc7 35. Bd5 Bd4 36. Bc6 Be3 0-1

[Event "TCh-FRA Top 12 2015"]
[Site "Montpellier FRA"]
[Date "2015.06.03"]
[Round "5.4"]
[Board "5"]
[White "Dourerassou, Jonathan"]
[Black "Colovic, Aleksandar"]
[Result "1/2-1/2"]
[WhiteTitle "IM"]
[BlackTitle "GM"]
[WhiteElo "2414"]
[BlackElo "2466"]
[WhiteTeam "L'ECHIQUIER CHALONNAIS"]
[BlackTeam "GRASSE ECHECS"]
[WhiteFideId "628050"]
[BlackFideId "15000729"]
[EventDate "2015.05.30"]

1. e4 e5 2. Nf3 Nc6 3. Bc4 Bc5 4. c3 Nf6 5. d3 a6 6. Bb3 Ba7 7. h3 d6 8. Nbd2 h6
9. Nf1 Be6 10. Ng3 Qd7 11. Be3 Bxe3 12. fxe3 d5 13. exd5 Nxd5 14. Qd2 Nde7 15.
Ba4 b5 16. Bc2 O-O 17. O-O f5 18. e4 f4 19. Ne2 Ng6 20. Kh2 Qe7 21. Qe1 Nd8 22.
d4 Bc4 23. b3 Bxe2 24. Qxe2 Nf7 25. a4 c6 26. b4 Kh7 27. d5 Nh4 28. Nd2 c5 29.
axb5 axb5 30. bxc5 Qxc5 31. Rac1 Ra3 32. Bd3 Rxc3 33. Rxc3 Qxc3 34. Bxb5 Rb8 35.
Rb1 Nd6 36. Rb3 Qc5 37. Bd3 Rxb3 38. Nxb3 Qc3 39. Nd2 Qd4 40. Nc4 Nxc4 41. Bxc4
f3 42. gxf3 Ng6 43. Qc2 Qe3 44. Bf1 Qxf3 45. Qe2 Qf4+ 46. Kg1 Qc1 47. Kh2 Nf4
48. Qf2 Qd1 49. Bg2 h5 50. Bf3 Qd3 51. Bg2 Kh6 52. Qb6+ Kh7 53. Qf2 Qa6 54. Qb2
Qg6 55. Qf2 Kh6 56. Bf3 Qf6 57. Qd2 Kh7 58. d6 Qe6 59. Bg2 Qd7 60. Bf1 Kg6 61.
Qb4 Kf6 62. Qb8 Ne6 63. Bc4 Qd8 64. Qb4 Ng5 65. Bf1 Nf7 66. Qe1 Qxd6 67. Bc4 Ng5
68. Qf2+ Ke7 69. Qa7+ Kf6 70. Qf2+ Ke7 71. Qa7+ Qd7 72. Qc5+ Kf6 73. Qb6+ Ne6
74. Bxe6 Qxe6 75. Qf2+ Kg6 76. Qg3+ Kh6 77. Qe3+ Kg6 78. Qg3+ Kh7 79. Qg5 g6 80.
Qd8 Qf7 81. Kg2 Kg7 82. Qg5 Qf6 83. Qd2 h4 84. Qd3 Qf4 85. Kh1 Kh6 86. Kg2 Qg5+
87. Kh1 Qc1+ 88. Kg2 Qe1 89. Qf3 Qd2+ 90. Kh1 Qf4 91. Qd3 Qf2 92. Qd1 Qg3 93.
Qh5+ Kg7 94. Qh7+ 1/2-1/2

[Event "TCh-FRA Top 12 2015"]
[Site "Montpellier FRA"]
[Date "2015.06.03"]
[Round "5.4"]
[Board "6"]
[White "Apicella, Manuel"]
[Black "Velten, Paul"]
[Result "1/2-1/2"]
[WhiteTitle "GM"]
[BlackTitle "IM"]
[WhiteElo "2510"]
[BlackElo "2457"]
[WhiteTeam "GRASSE ECHECS"]
[BlackTeam "L'ECHIQUIER CHALONNAIS"]
[WhiteFideId "600164"]
[BlackFideId "681091"]
[EventDate "2015.05.30"]

1. e4 c6 2. d4 d5 3. e5 Bf5 4. Nc3 h6 5. g4 Bd7 6. Bd3 c5 7. dxc5 e6 8. Be3 Nc6
9. Nf3 a6 10. Qd2 Qa5 11. Ne2 Qc7 12. Qc3 Nge7 13. Bd4 Nxd4 14. Nexd4 Nc6 15.
Nxc6 Qxc6 16. Nd4 Qxc5 17. Qxc5 Bxc5 18. c3 Ke7 19. Kd2 b5 20. a3 f6 21. Rae1
Rhf8 22. f4 fxe5 23. fxe5 Rf4 24. h3 a5 25. Rhf1 1/2-1/2

[Event "TCh-FRA Top 12 2015"]
[Site "Montpellier FRA"]
[Date "2015.06.03"]
[Round "5.4"]
[Board "7"]
[White "Favarel, Antoine"]
[Black "Pile, Richard"]
[Result "1/2-1/2"]
[WhiteTitle "FM"]
[BlackTitle "IM"]
[WhiteElo "2374"]
[BlackElo "2430"]
[WhiteTeam "L'ECHIQUIER CHALONNAIS"]
[BlackTeam "GRASSE ECHECS"]
[WhiteFideId "642371"]
[BlackFideId "624110"]
[EventDate "2015.05.30"]

1. d4 Nf6 2. c4 e6 3. g3 Bb4+ 4. Bd2 a5 5. Bg2 d6 6. Nf3 Nbd7 7. O-O e5 8. Bg5
exd4 9. Nxd4 O-O 10. Nc2 Bc5 11. Nc3 Re8 12. Na4 Ba7 13. Be3 Ne5 14. Bxa7 Rxa7
15. b3 Bd7 16. Nc3 a4 17. f4 Ng6 18. e4 axb3 19. axb3 Rxa1 20. Qxa1 Bc6 21. Re1
h5 22. Nd5 Nxd5 23. cxd5 Bd7 24. Qd4 h4 25. Ne3 Qe7 26. Rc1 Rc8 27. Rc4 c5 28.
dxc6 bxc6 29. Rc3 Nf8 30. Rd3 Rb8 1/2-1/2

[Event "TCh-FRA Top 12 2015"]
[Site "Montpellier FRA"]
[Date "2015.06.03"]
[Round "5.4"]
[Board "8"]
[White "Forestier, Carole"]
[Black "De Seroux, Camille"]
[Result "1/2-1/2"]
[BlackTitle "WFM"]
[WhiteElo "2072"]
[BlackElo "2115"]
[WhiteTeam "GRASSE ECHECS"]
[BlackTeam "L'ECHIQUIER CHALONNAIS"]
[WhiteFideId "641405"]
[BlackFideId "1305620"]
[EventDate "2015.05.30"]

1. d4 Nf6 2. c4 g6 3. Nc3 Bg7 4. e4 d6 5. Nf3 O-O 6. Be2 e5 7. O-O Nc6 8. d5 Ne7
9. Ne1 Nd7 10. f3 f5 11. g4 Kh8 12. Be3 Ng8 13. Ng2 Ngf6 14. b4 Rf7 15. h4 Ng8
16. Rc1 Bh6 17. Bxh6 Nxh6 18. exf5 gxf5 19. g5 Ng8 20. f4 Rg7 21. Bd3 Ne7 22.
Qd2 Nf8 23. Rce1 Nd7 24. Qe3 a6 25. c5 Qg8 26. Bc4 h6 27. Re2 exf4 28. Qxf4 Ne5
29. gxh6 Rg4 30. Qh2 N7g6 31. Rxe5 Nxe5 32. Be2 Rg3 33. Nd1 Bd7 34. Kh1 Rf8 35.
Nf4 Nf7 36. h5 Ne5 37. Ng6+ Rxg6 38. hxg6 Qxg6 39. Ne3 Qg5 40. Qf4 Qe7 41. Rg1
Qf6 42. Nc4 Bb5 43. Rg2 Bxc4 44. Bxc4 Ng4 45. Be2 Qh4+ 46. Kg1 Qe1+ 47. Bf1 Qe3+
48. Qxe3 Nxe3 49. Rg7 Nxd5 50. cxd6 cxd6 51. Rxb7 Rf6 52. h7 Rg6+ 53. Kf2 Nf6
54. Bxa6 Nxh7 55. Bd3 Rf6 56. b5 Ng5 57. Ke3 f4+ 58. Kf2 Ne6 59. Bc4 Nc5 60. Re7
Rf8 61. Kf3 Ra8 62. b6 Rb8 63. Kxf4 Rxb6 64. Kg5 Rb7 65. Re8+ Kg7 66. Bd5 Ra7
67. Rd8 Rd7 68. Rg8+ Kh7 69. Kf6 Ra7 70. Rd8 Ra6 71. Bg8+ Kh6 72. Be6 Ne4+ 73.
Kf5 Ra5+ 74. Kf4 Nc5 75. Rxd6 Nxe6+ 76. Rxe6+ Kg7 77. Re2 Kf6 78. Rh2 Ra4+ 79.
Ke3 Ke5 80. Kd3 Rg4 81. Kc3 Kd5 82. Rh5+ Kc6 83. Kb3 Kb6 84. Rh6+ Ka5 85. Rh5+
Kb6 86. Rh3 Ka5 87. Rf3 Rb4+ 88. Kc3 Ra4 89. Rf8 Rh4 90. Ra8+ Kb5 91. Rb8+ Ka5
92. a3 Rh3+ 93. Kc4 Rh4+ 94. Kc5 Rh5+ 1/2-1/2